000 00660nam a2200217 4500
003 OSt
005 20240626054009.0
006 a
008 240626b |||||||| |||| 00| 0 eng d
020 _a9789712723902
040 _aDWCL-Main lib.
_cOC
082 _aFil. 658.3 J61e 2010
100 _aJimenez, Ramon T.
245 _aEmployee relations handbook : forms to use /
260 _aPasig City:
_bAnvil Pub., Inc,
_cc2010.
300 _axxi,
_b376 p. ;
_c26 cm.
504 _aIncludes bibliographical references.
650 _a1. Industrial relations-Forms-Philippines.
650 _a2. Personnel management-Forms.
942 _2ddc
_n0
_cBK - FIL
_kFil.
999 _c1389
_d1389